| 000 | 00641nam a2200205 a 4500 | ||
|---|---|---|---|
| 005 | 20140310183333.0 | ||
| 008 | 060901s19uu xx 00 eng d | ||
| 020 | _a0-534-61006-4 | ||
| 050 |
_aHA 32 _b.K5673 2005 |
||
| 100 | _aKirkpatrick, Lee A. | ||
| 245 |
_aA simple guide to SPSS for windows: _bfor version 12.0. / _cLee A. Kirkpatrick |
||
| 260 |
_aAustralia : _bThomson Wadsworth, _c2005. |
||
| 300 |
_a115 p. : _bill. ; _c 24 cm. |
||
| 521 | _aIT | ||
| 650 | _aSPSS for Windows. | ||
| 650 |
_aSocial Sciences _xStatistical methods _xComputer programs. |
||
| 700 | _aFeeney, Brooke C. | ||
| 942 |
_cBK _2lcc _kFOR |
||
| 999 |
_c21628 _d21628 |
||